[Event "Heusenstamm Sparkassen op-B 7th"]
[Site "Heusenstamm"]
[Date "2021.11.21"]
[Round "6.7"]
[White "Schellenberger, Dirk"]
[Black "Schwenk, Stefan"]
[Result "1-0"]
[WhiteElo "1660"]
[BlackElo "1719"]
[PlyCount "47"]
[EventDate "2021.11.18"]
[EventType "swiss"]
[EventRounds "7"]
[EventCountry "GER"]
[SourceTitle "EXT 2023"]
[Source "ChessBase"]
[SourceDate "2022.10.05"]
[SourceVersion "1"]
[SourceVersionDate "2022.10.05"]
[SourceQuality "1"]

1. c4 c5 2. g3 g6 3. Nf3 Nc6 4. Bg2 Bg7 5. 0-0 e6 6. Nc3 Nge7 7. Rb1 0-0 8. a3 a5 9. d3 d5 10. Qb3 b6 11. cxd5 Nxd5 12. Bg5 f6 13. Bd2 Rb8 14. Nb5 h6 15. Rbc1 Kh7 16. Rfd1 Nde7 17. e3 e5 18. Bc3 Ba6 19. d4 exd4 20. exd4 cxd4 21. Nfxd4 Nxd4 22. Nxd4 Qe8 23. Ne6 Rf7 24. Nc7 1-0

[Event "Heusenstamm Sparkassen op-B 7th"]
[Site "Heusenstamm"]
[Date "2021.11.19"]
[Round "2.35"]
[White "Schmidt, Moritz"]
[Black "Schwenk, Stefan"]
[Result "0-1"]
[WhiteElo "1425"]
[BlackElo "1719"]
[PlyCount "118"]
[EventDate "2021.11.18"]
[EventType "swiss"]
[EventRounds "7"]
[EventCountry "GER"]
[SourceTitle "EXT 2023"]
[Source "ChessBase"]
[SourceDate "2022.10.05"]
[SourceVersion "1"]
[SourceVersionDate "2022.10.05"]
[SourceQuality "1"]

1. e4 c5 2. c3 e6 3. d4 cxd4 4. cxd4 d5 5. e5 Nc6 6. Nf3 Be7 7. Bb5 a6 8. Ba4 b5 9. Bc2 Qa5+ 10. Bd2 Bb4 11. Nc3 Qc7 12. 0-0 f6 13. exf6 Nxf6 14. Re1 0-0 15. a3 Bd6 16. Bg5 Bf4 17. Bxf4 Qxf4 18. Qd3 b4 19. axb4 Nxb4 20. Qe2 Nxc2 21. Qxc2 Bd7 22. b4 Rfc8 23. Ne2 Qd6 24. Qb3 Rc4 25. Reb1 Bb5 26. Ne5 Rc7 27. Nc3 Bc4 28. Nxc4 Rxc4 29. g3 Rac8 30. Na4 Rb8 31. Nc5 Rb6 32. Qa3 Rxd4 33. Nxa6 Ne4 34. Nc5 Nd2 35. Re1 e5 36. Qa8+ Rb8 37. Qa3 Rdxb4 38. Nd3 Nf3+ 39. Kf1 Nxe1 40. Nxb4 Qxb4 41. Qxb4 Rxb4 42. Kxe1 Kf7 43. Ke2 Rb6 44. Rd1 Ke6 45. Ke3 Rb3+ 46. Rd3 Rb1 47. Rd2 g5 48. Ra2 Rb3+ 49. Ke2 Kf5 50. Ra5 Ke4 51. Ra4+ d4 52. Ra2 d3+ 53. Kd1 Kf3 54. Ra5 e4 55. Rxg5 Kxf2 56. Rf5+ Ke3 57. Rc5 Rb1+ 58. Rc1 Rxc1+ 59. Kxc1 Ke2 0-1

[Event "Heusenstamm Sparkassen op-B 6th"]
[Site "Heusenstamm"]
[Date "2019.11.24"]
[Round "7"]
[White "Schwenk, Stefan"]
[Black "Mensendiek, Theodor"]
[Result "1-0"]
[WhiteElo "1723"]
[BlackElo "1577"]
[PlyCount "59"]
[EventDate "2019.11.21"]
[EventType "swiss"]
[EventRounds "7"]
[EventCountry "GER"]
[SourceTitle "CBM 194 Extra"]
[Source "ChessBase"]
[SourceDate "2020.03.31"]
[SourceVersion "1"]
[SourceVersionDate "2020.03.31"]
[SourceQuality "1"]

1. c4 Nf6 2. g3 g6 3. Bg2 Bg7 4. Nc3 0-0 5. e3 d6 6. Nge2 e5 7. 0-0 c6 8. d4 Re8 9. Qc2 exd4 10. Nxd4 c5 11. Nde2 Bf5 12. Qb3 Bc8 13. Bxb7 Bxb7 14. Qxb7 Nbd7 15. Nb5 Ne5 16. b3 Re7 17. Qg2 Nd3 18. Nbc3 Ne4 19. Nxe4 Bxa1 20. Rd1 Nxc1 21. Nxc1 Rc8 22. Nd3 f5 23. Ng5 Bf6 24. Qd5+ Kg7 25. Ne6+ Rxe6 26. Qxe6 Qe7 27. Qd5 a5 28. Nf4 Be5 29. Nd3 Rd8 30. Nxe5 1-0

[Event "Heusenstamm Sparkassen op-B 6th"]
[Site "Heusenstamm"]
[Date "2019.11.21"]
[Round "1"]
[White "Schwenk, Stefan"]
[Black "Moldenhauer, Nils"]
[Result "1-0"]
[WhiteElo "1723"]
[BlackElo "1453"]
[PlyCount "63"]
[EventDate "2019.11.21"]
[EventType "swiss"]
[EventRounds "7"]
[EventCountry "GER"]
[SourceTitle "CBM 194 Extra"]
[Source "ChessBase"]
[SourceDate "2020.03.31"]
[SourceVersion "1"]
[SourceVersionDate "2020.03.31"]
[SourceQuality "1"]

1. c4 e5 2. g3 Nf6 3. Bg2 Bc5 4. Nc3 Nc6 5. a3 a6 6. e3 d6 7. Nge2 Bg4 8. 0-0 0-0 9. b4 Bb6 10. d3 Rb8 11. Qc2 Ne7 12. e4 h6 13. h3 Bh5 14. Be3 c6 15. c5 dxc5 16. bxc5 Ba5 17. f4 exf4 18. Nxf4 Bg6 19. Nxg6 Nxg6 20. Rad1 Ne5 21. Ne2 Bc7 22. d4 Ng6 23. Nf4 Nxf4 24. gxf4 Re8 25. Bc1 Re7 26. e5 Nd5 27. f5 Qd7 28. Qf2 Rbe8 29. Bxd5 Qxd5 30. f6 g6 31. Bxh6 Qb3 32. Qh4 1-0

[Event "Heusenstamm Sparkassen op-B 5th"]
[Site "Heusenstamm"]
[Date "2018.11.24"]
[Round "5"]
[White "Goodwin, David"]
[Black "Schwenk, Stefan"]
[Result "0-1"]
[WhiteElo "1549"]
[BlackElo "1755"]
[PlyCount "86"]
[EventDate "2018.11.22"]
[EventType "swiss"]
[EventRounds "7"]
[EventCountry "GER"]
[SourceTitle "CBM 187 Extra"]
[Source "ChessBase"]
[SourceDate "2018.11.04"]
[SourceVersion "1"]
[SourceVersionDate "2018.11.04"]
[SourceQuality "1"]

1. Nf3 c5 2. g3 g6 3. Bg2 Bg7 4. d3 Nc6 5. a3 e6 6. Nbd2 Nge7 7. Rb1 d5 8. 0-0 0-0 9. b4 b6 10. c4 a6 11. Qb3 Ra7 12. Bb2 d4 13. Ne4 f5 14. Ned2 Kh8 15. e3 e5 16. e4 f4 17. Bc1 Be6 18. Ng5 Bg8 19. Bh3 Qd6 20. Qd1 h6 21. Ngf3 cxb4 22. axb4 Nxb4 23. Ba3 a5 24. Ra1 Nec6 25. c5 bxc5 26. Nc4 Qe7 27. Nh4 Kh7 28. Qg4 Qg5 29. Qd1 Qf6 30. Nb2 Be6 31. Bxe6 Qxe6 32. Nc4 Raf7 33. f3 Bf6 34. Ng2 fxg3 35. hxg3 Bg5 36. Bxb4 axb4 37. Qe2 Qh3 38. f4 exf4 39. gxf4 Bxf4 40. Nxf4 Rxf4 41. Qg2 Rg4 42. Qxg4 Qxg4+ 43. Kh2 Rxf1 0-1

[Event "Heusenstamm Sparkassen op-B 5th"]
[Site "Heusenstamm"]
[Date "2018.11.24"]
[Round "4"]
[White "Schwenk, Stefan"]
[Black "Sallwey, Rainer"]
[Result "1-0"]
[WhiteElo "1755"]
[BlackElo "1412"]
[PlyCount "61"]
[EventDate "2018.11.22"]
[EventType "swiss"]
[EventRounds "7"]
[EventCountry "GER"]
[SourceTitle "CBM 187 Extra"]
[Source "ChessBase"]
[SourceDate "2018.11.04"]
[SourceVersion "1"]
[SourceVersionDate "2018.11.04"]
[SourceQuality "1"]

1. c4 c5 2. g3 Nc6 3. Bg2 Nf6 4. e3 e6 5. Nc3 Be7 6. Nge2 b6 7. 0-0 Bb7 8. d3 0-0 9. a3 Na5 10. e4 d6 11. Rb1 Nc6 12. b4 cxb4 13. axb4 Qc7 14. b5 Nd8 15. Ba3 Nd7 16. Qd2 a6 17. Rfc1 a5 18. Na4 Qb8 19. d4 Re8 20. c5 bxc5 21. dxc5 Nxc5 22. Nxc5 dxc5 23. Qd7 Kf8 24. Bxc5 Bxc5 25. Rxc5 Re7 26. Qd3 f6 27. Nd4 Rc7 28. Nc6 Qc8 29. Qd6+ Kf7 30. Nxd8+ Qxd8 31. Qxc7+ 1-0

[Event "Wiesbaden op 30th"]
[Site "Wiesbaden"]
[Date "2018.08.26"]
[Round "6"]
[White "Kuebart, Thore"]
[Black "Schwenk, Stefan"]
[Result "1-0"]
[WhiteElo "1863"]
[BlackElo "1729"]
[PlyCount "139"]
[EventDate "2018.08.23"]
[EventType "swiss"]
[EventRounds "7"]
[EventCountry "GER"]
[SourceTitle "CBM 186 Extra"]
[Source "ChessBase"]
[SourceDate "2018.08.24"]
[SourceVersion "1"]
[SourceVersionDate "2018.08.24"]
[SourceQuality "1"]

1. e4 c5 2. Nf3 e6 3. d4 cxd4 4. Nxd4 Nc6 5. c3 a6 6. Bd3 Nf6 7. 0-0 Be7 8. Nxc6 dxc6 9. e5 Nd7 10. Qg4 Nxe5 11. Qe2 Qxd3 12. Qxe5 Bf6 13. Qc5 Be7 14. Qe5 0-0 15. Nd2 Bf6 16. Qh5 g6 17. Qh6 Bg7 18. Qh4 e5 19. Ne4 f5 20. Nc5 Qd6 21. Qc4+ Kh8 22. Bg5 b6 23. Nb3 Be6 24. Qh4 Qc7 25. Rfd1 Qf7 26. Rd3 Bf6 27. Rad1 Qe7 28. Bxf6+ Rxf6 29. Qa4 b5 30. Qh4 Bd5 31. Nc5 Rf7 32. Qb4 a5 33. Qa3 e4 34. Rd4 Ra7 35. c4 b4 36. Qa4 Qxc5 37. cxd5 Rfd7 38. d6 Ra8 39. Qb3 Qe5 40. Qc4 Qb5 41. Qe6 Rad8 42. b3 Kg7 43. h3 h5 44. h4 Kh7 45. Rc4 Kg7 46. g3 Kh6 47. Kg2 Qb6 48. Rcd4 Qb5 49. R1d2 Qb6 50. Qe5 Kh7 51. f3 exf3+ 52. Kxf3 c5 53. Rd5 Qc6 54. Kf2 c4 55. bxc4 Qxc4 56. Re2 Qc6 57. Qd4 Qc3 58. Qf4 Qf6 59. Red2 Kg7 60. Kg2 Kf7 61. Qc4 Kg7 62. Qa6 Qe6 63. Qxa5 Rxd6 64. Qc7+ R8d7 65. Qxd6 Rxd6 66. Rxd6 Qe4+ 67. Kh2 Qb1 68. Rb6 Qc1 69. Rd7+ Kh6 70. Rbb7 1-0

[Event "Wiesbaden op 30th"]
[Site "Wiesbaden"]
[Date "2018.08.26"]
[Round "7"]
[White "Schwenk, Stefan"]
[Black "Guertler, Karl Heinz"]
[Result "1/2-1/2"]
[WhiteElo "1729"]
[BlackElo "1908"]
[PlyCount "82"]
[EventDate "2018.08.23"]
[EventType "swiss"]
[EventRounds "7"]
[EventCountry "GER"]
[SourceTitle "CBM 186 Extra"]
[Source "ChessBase"]
[SourceDate "2018.08.24"]
[SourceVersion "1"]
[SourceVersionDate "2018.08.24"]
[SourceQuality "1"]

1. c4 d6 2. g3 e5 3. Bg2 f5 4. e3 Nf6 5. Nc3 c6 6. Nge2 Be7 7. d3 Be6 8. 0-0 a5 9. b3 Na6 10. f4 Nc5 11. Qc2 Bf7 12. d4 exd4 13. exd4 Nce4 14. Nxe4 Nxe4 15. Nc3 d5 16. cxd5 cxd5 17. Qd3 0-0 18. Bb2 Be8 19. Rac1 Bc6 20. Rfe1 Qd7 21. Bf1 Bb4 22. Red1 Bxc3 23. Bxc3 Rfe8 24. b4 Nxc3 25. Qxc3 axb4 26. Qxb4 Rxa2 27. Re1 Raa8 28. Re5 Rxe5 29. fxe5 Kf7 30. Re1 Qe7 31. Qd2 g5 32. Bd3 Bd7 33. Rf1 h6 34. Bxf5 Bxf5 35. Rxf5+ Kg7 36. Rf6 Ra1+ 37. Kg2 Qa3 38. Kh3 Ra2 39. Qd1 Qb2 40. Qf3 Qxh2+ 41. Kg4 Qe2 1/2-1/2

[Event "Heusenstamm Sparkassen op-B 4th"]
[Site "Heusenstamm"]
[Date "2017.11.24"]
[Round "3"]
[White "Schwenk, Stefan"]
[Black "Klein, Simon"]
[Result "1-0"]
[WhiteElo "1727"]
[BlackElo "1302"]
[PlyCount "77"]
[EventDate "2017.11.23"]
[EventType "swiss"]
[EventRounds "7"]
[EventCountry "GER"]
[SourceTitle "EXT 2019"]
[Source "ChessBase"]
[SourceDate "2018.10.10"]
[SourceVersion "1"]
[SourceVersionDate "2018.10.10"]
[SourceQuality "1"]

1. c4 c5 2. g3 g6 3. Bg2 Bg7 4. Nc3 Nf6 5. e3 Nc6 6. a3 0-0 7. Nge2 Rb8 8. 0-0 b6 9. Rb1 e6 10. b4 cxb4 11. axb4 Ne7 12. Nb5 Bb7 13. Bxb7 Rxb7 14. Ba3 d6 15. d4 a6 16. Nbc3 Rc7 17. Qb3 Qc8 18. c5 dxc5 19. bxc5 b5 20. Rfd1 Qb7 21. Na4 Rb8 22. Nb6 Nc8 23. Nxc8 Rcxc8 24. Nc3 Ne4 25. Nxe4 Qxe4 26. Bb4 Rc6 27. Ba5 Bf6 28. Rd2 Bd8 29. Ra2 Bc7 30. Bxc7 Rxc7 31. Rxa6 Qb7 32. Rb6 Qa7 33. Rxb8+ Qxb8 34. Qxb5 Qd8 35. Qb6 Qe7 36. Qa5 Ra7 37. Rb8+ Kg7 38. Qd8 Ra2 39. Qxe7 1-0

[Event "Wiesbaden op 29th"]
[Site "Wiesbaden"]
[Date "2017.08.27"]
[Round "7"]
[White "Kalepky, Helmut"]
[Black "Schwenk, Stefan"]
[Result "1/2-1/2"]
[WhiteElo "1971"]
[BlackElo "1640"]
[PlyCount "48"]
[EventDate "2017.08.24"]
[EventType "swiss"]
[EventRounds "7"]
[EventCountry "GER"]
[SourceTitle "CBM 180 Extra"]
[Source "ChessBase"]
[SourceDate "2017.10.06"]
[SourceVersion "1"]
[SourceVersionDate "2017.10.06"]
[SourceQuality "1"]

1. e4 c5 2. Nc3 g6 3. g3 Bg7 4. Nge2 Nc6 5. Bg2 e6 6. 0-0 Nge7 7. Nf4 a6 8. d3 b5 9. a3 Bb7 10. Rb1 b4 11. axb4 Nxb4 12. Be3 Rc8 13. Na4 d6 14. c3 Nbc6 15. Ne2 0-0 16. f4 f5 17. e5 Na5 18. exd6 Qxd6 19. Bxb7 Nxb7 20. d4 cxd4 21. Bxd4 Bxd4+ 22. Qxd4 Rfd8 23. Qxd6 Rxd6 24. Nd4 Kf7 1/2-1/2

[Event "Wiesbaden op 29th"]
[Site "Wiesbaden"]
[Date "2017.08.25"]
[Round "3"]
[White "Schneider, Luca"]
[Black "Schwenk, Stefan"]
[Result "0-1"]
[WhiteElo "1433"]
[BlackElo "1640"]
[PlyCount "50"]
[EventDate "2017.08.24"]
[EventType "swiss"]
[EventRounds "7"]
[EventCountry "GER"]
[SourceTitle "CBM 180 Extra"]
[Source "ChessBase"]
[SourceDate "2017.10.06"]
[SourceVersion "1"]
[SourceVersionDate "2017.10.06"]
[SourceQuality "1"]

1. Nf3 c5 2. b3 e6 3. Bb2 Nc6 4. e3 d5 5. c4 d4 6. d3 Nf6 7. e4 e5 8. h3 Be7 9. Be2 0-0 10. Qd2 a6 11. Na3 Qc7 12. 0-0-0 Bd7 13. Kb1 Nb4 14. g4 a5 15. Nc2 b5 16. Nxb4 axb4 17. Rc1 bxc4 18. Rxc4 Be6 19. Rcc1 Qa5 20. Rcf1 Qxa2+ 21. Kc1 Bd6 22. Ng5 Bxb3 23. h4 Ra6 24. Bd1 Rfa8 25. Bxb3 Qxb3 0-1